000 00287 a2200145 4500
001 11974
020 _a978074607596
040 _cAnchieta - Aquarius
240 1 0 _aJobs
_lpor
245 1 0 _aJobs
300 _a
362 0 _a0
650 4 _aLiteratura infantil em inglês
942 _cBK
999 _c11974
_d11974